书目信息 |
| 题名: |
黛尔菲娜
|
|
| 作者: | 斯塔尔夫人 著 ;刘自强 , 严胜男 译 | |
| 分册: | ||
| 出版信息: | 广州 花城出版社 2003.10 |
|
| 页数: | 703页 | |
| 开本: | 20cm | |
| 丛书名: | 名著新译 | |
| 单 册: | ||
| 中图分类: | I565.44 | |
| 科图分类: | 47.1352 | |
| 主题词: | 长篇小说--法国--近代 | |
| 电子资源: | ||
| ISBN: | 7-5360-2499-1 | |
| 000 | 00841cam2 2200289 45 | |
| 001 | 0199032378 | |
| 005 | 20070906102222.85 | |
| 010 | @a7-5360-2499-1@dCNY35.80 | |
| 100 | @a19990512d2003 em y0chiy0121 ea | |
| 101 | 1 | @achi@cfre |
| 102 | @aCN@b440000 | |
| 105 | @ay z 000ay | |
| 200 | 1 | @a黛尔菲娜@ADai Er Fei Na@f(法)斯达尔夫人著@F( Fa ) Si Da Er Fu Ren Zhu@g刘自强,严胜男译 |
| 210 | @a广州@c花城出版社@d2003.10 | |
| 215 | @a703页@d20cm | |
| 225 | 2 | @a名著新译 |
| 304 | @a著者通译:斯塔尔夫人 | |
| 410 | 0 | @12001 @a名著新译 |
| 606 | 0 | @a长篇小说@y法国@z近代 |
| 690 | @aI565.44@v4 | |
| 692 | @a47.1352@v2 | |
| 701 | 0 | @a斯塔尔夫人@ASi Ta Er Fu Ren@4著 |
| 702 | 0 | @a刘自强@ALiu Zi Qiang@4译 |
| 702 | 0 | @a严胜男@AYan Sheng Nan@4译 |
| 801 | 0 | @aCN@bNLC@c20070906 |
| 905 | @aBZT@dI565.44@e79 | |
| 906 | @dCNY35.80@n0@r1 | |
| 黛尔菲娜/(法)斯达尔夫人著/刘自强,严胜男译.-广州:花城出版社,2003.10 |
| 703页;20cm.-(名著新译) |
| ISBN 7-5360-2499-1:CNY35.80 |
| ● |
| 相关链接 |
|
|
|
正题名:黛尔菲娜
索取号:I565.44/79
 
预约/预借
| 序号 | 登录号 | 条形码 | 馆藏地/架位号 | 状态 | 备注 |
| 1 | 572059 | 230151207 | 中心书库中库/打包BH0074/ [索取号:I565.44/79] | 在馆 | |
| 2 | 572060 | 230151201 | 中心书库中库/打包BH0074/ [索取号:I565.44/79] | 在馆 | |
| 3 | 572061 | 230151200 | 中心书库中库/打包BH0074/ [索取号:I565.44/79] | 在馆 | |
| 4 | 572062 | 230151199 | 中心书库中库/打包BH0074/ [索取号:I565.44/79] | 在馆 | |
| 5 | 572063 | 230151198 | 中心书库中库/打包BH0074/ [索取号:I565.44/79] | 在馆 | |
| 6 | 572065 | 230151205 | 中心书库中库/打包BH0074/ [索取号:I565.44/79] | 在馆 | |
| 7 | 572066 | 230151204 | 中心书库中库/打包BH0074/ [索取号:I565.44/79] | 在馆 | |
| 8 | 572067 | 230151203 | 中心书库中库/打包BH0074/ [索取号:I565.44/79] | 在馆 | |
| 9 | 572068 | 230151202 | 中心书库中库/打包BH0074/ [索取号:I565.44/79] | 在馆 |